LDR 00972naa#a2200181#i#450# 001 RU\\bibl\19447 005 20260516023712.6 100 ## _a20260515b2026####ek#y0rusy0150####ca 102 ## _aRU 200 1# _aОСОБЕННОСТИ ПРОХОЖДЕНИЯ ФЕНОФАЗ LIRIODENDRON TULIPIFERA L., СВЯЗАННЫХ С ОСОБЕННОСТЯМИ КЛИМАТА Г.ВОРОНЕЖА _eСтатья/тезисы конференции 210 1# _aВоронеж _cВоронежский государственный лесотехнический университет имени Г.Ф. Морозова _d2026 215 ## _a6 с. 608 ## _aСтатья/тезисы конференции _2local 675 ## _aУсловия существования растений. 630.181 _z 700 #1 _aДегтярева _gСветлана Ивановна 700 #1 _aДорофеева _gВалентина Дмитриевна 700 #1 _aРаменская _gА. С. 856 4# _abibl.vgltu.ru _u